Learning Resource and Development

Supporting behaviour and emotions in the early years : (Record no. 30567)

MARC details
000 -LEADER
fixed length control field 03312cam a22004098i 4500
001 - CONTROL NUMBER
control field 22288631
003 - CONTROL NUMBER IDENTIFIER
control field CSPC
005 - DATE AND TIME OF LATEST TRANSACTION
control field 20251003153252.0
008 - FIXED-LENGTH DATA ELEMENTS--GENERAL INFORMATION
fixed length control field 211028s2022 enk b 001 0 eng
010 ## - LIBRARY OF CONGRESS CONTROL NUMBER
LC control number 2021048124
020 ## - INTERNATIONAL STANDARD BOOK NUMBER
International Standard Book Number 9780367684259
035 ## - SYSTEM CONTROL NUMBER
System control number 22288631
040 ## - CATALOGING SOURCE
Original cataloging agency DLC
Language of cataloging eng
Description conventions rda
Transcribing agency DLC
Modifying agency CSPC
042 ## - AUTHENTICATION CODE
Authentication code pcc
050 00 - LIBRARY OF CONGRESS CALL NUMBER
Classification number LB1060.2
Item number .G75 2022
082 00 - DEWEY DECIMAL CLASSIFICATION NUMBER
Classification number 370.1528
Item number G883s
Edition number 23/eng/20211103
100 1# - MAIN ENTRY--PERSONAL NAME
Personal name Grimmer, Tamsin,
Relator term author.
245 00 - TITLE STATEMENT
Title Supporting behaviour and emotions in the early years :
Remainder of title strategies and ideas for early years educators /
Statement of responsibility, etc. Tamsin Grimmer.
263 ## - PROJECTED PUBLICATION DATE
Projected publication date 2204
264 #1 - PRODUCTION, PUBLICATION, DISTRIBUTION, MANUFACTURE, AND COPYRIGHT NOTICE
Place of production, publication, distribution, manufacture Abingdon, Oxon ;
-- New York, NY :
Name of producer, publisher, distributor, manufacturer Routledge,
Date of production, publication, distribution, manufacture, or copyright notice 2022.
300 ## - PHYSICAL DESCRIPTION
Extent xii, 162 pages ;
Dimensions 21 cm.
336 ## - CONTENT TYPE
Content type term text
Content type code txt
Source rdacontent
337 ## - MEDIA TYPE
Media type term unmediated
Media type code n
Source rdamedia
338 ## - CARRIER TYPE
Carrier type term volume
Carrier type code nc
Source rdacarrier
490 0# - SERIES STATEMENT
Series statement Little minds matter
504 ## - BIBLIOGRAPHY, ETC. NOTE
Bibliography, etc. note Includes bibliographical references and index.
505 0# - FORMATTED CONTENTS NOTE
Formatted contents note Introduction -- Feeling safe and secure -- Why children behave the way they do -- Realistic expectations -- Acknowledging and validating feelings -- Becoming a behaviour detective -- Strategies to support challenging behaviour -- Self-regulation and co-regulation -- Linking behaviour with schematic play -- Our ethos and partnerships -- Concluding remarks.
520 ## - SUMMARY, ETC.
Summary, etc. "Have you ever wondered why children behave the way they do or why they can become so emotional, so quickly? This practical resource has been created to help educators effectively support their children's behaviour and better understand their emotions. The book focuses on the idea that all behaviour is a form of communication and explores central areas such as self-regulation and attachment, offering strategies that can be used to support challenging behaviour. Each chapter includes examples of practice, reflective questions, and an activity for the reader to help consolidate their learning and encourage them to become 'behaviour detectives'. Key topics discussed include: Attachment theory, Adverse Childhood Experiences (ACES) and the importance of feeling safe and secure in the home and setting, Characteristics of children during conflict situations or moments of challenging behaviour, Developmentally appropriate expectations for children, and why it is vital that expectations are realistic, Emotion Coaching and the significance of acknowledging and validating feelings, Linking behaviour with schematic play. Written from first-hand experience and filled with practical advice as well as recommendations for further reading and resources, Supporting Behaviour and Emotions in the Early Years is an essential read for early years educators"--
Assigning source Provided by publisher.
650 #0 - SUBJECT ADDED ENTRY--TOPICAL TERM
Topical term or geographic name entry element Early childhood education
General subdivision Psychological aspects.
650 #0 - SUBJECT ADDED ENTRY--TOPICAL TERM
Topical term or geographic name entry element Behavior modification.
650 #0 - SUBJECT ADDED ENTRY--TOPICAL TERM
Topical term or geographic name entry element Emotions in children.
776 08 - ADDITIONAL PHYSICAL FORM ENTRY
Relationship information Online version:
Main entry heading Grimmer, Tamsin.
Title Supporting behaviour and emotions in the early years
Place, publisher, and date of publication Abingdon, Oxon ; New York, NY : Routledge, 2022
International Standard Book Number 9781003137474
Record control number (DLC) 2021048125
906 ## - LOCAL DATA ELEMENT F, LDF (RLIN)
a 7
b cbc
c orignew
d 1
e ecip
f 20
g y-gencatlg
942 ## - ADDED ENTRY ELEMENTS (KOHA)
Source of classification or shelving scheme Dewey Decimal Classification
Koha item type Books
Classification part 370.1528
Item part G883s
Call number prefix CIR
Call number suffix 2022
Suppress in OPAC No
Edition 23
Holdings
Withdrawn status Lost status Source of classification or shelving scheme Damaged status Not for loan Home library Current library Shelving location Date acquired Total Checkouts Full call number Barcode Date last seen Copy number Price effective from Koha item type
    Dewey Decimal Classification     Main Library Main Library Circulation Section 10/01/2025   CIR 370.1528 G883s 2022 030395 10/01/2025 1-1 10/01/2025 Books